000 00362nam a2200121 4500
999 _c13748
_d13748
008 190403b ||||| |||| 00| 0 eng d
100 _938216
_aLeyco, Chino S.
245 _aDOF to work with congress for CTRP's passage/
_cChino S. Leyco
260 _aPhilippines:
_bManila Bulletin;
_cc2018.
300 _apage B1.
650 0 _938217
_aFinance.
942 _2ddc
_cPER